5HLuxD.jpg

KING HENRY VIII SENIOR AND PRIMARY SCHOOL LIBRARY OPAC

Role models / (Record no. 1049)

000 -LEADER
fixed length control field 01224cam a2200325 a 4500
001 - CONTROL NUMBER
control field 16220750
003 - CONTROL NUMBER IDENTIFIER
control field OSt
005 - DATE AND TIME OF LATEST TRANSACTION
control field 20200521153956.0
008 - FIXED-LENGTH DATA ELEMENTS--GENERAL INFORMATION
fixed length control field 100506s2011 ilua j 001 0 eng
010 ## - LIBRARY OF CONGRESS CONTROL NUMBER
LC control number 2010016996
020 ## - INTERNATIONAL STANDARD BOOK NUMBER
International Standard Book Number 9781432946685 (pb)
040 ## - CATALOGING SOURCE
Original cataloging agency DLC
Transcribing agency DLC
Modifying agency DLC
050 00 - LIBRARY OF CONGRESS CALL NUMBER
Classification number BF774
Item number .R57 2011
082 00 - DEWEY DECIMAL CLASSIFICATION NUMBER
Classification number 303.3 RIS
Edition number 22
100 1# - MAIN ENTRY--PERSONAL NAME
Personal name Rissman, Rebecca.
245 10 - TITLE STATEMENT
Title Role models /
Statement of responsibility, etc. Rebecca Rissman.
260 ## - PUBLICATION, DISTRIBUTION, ETC.
Place of publication, distribution, etc. Chicago, Ill. :
Name of publisher, distributor, etc. Heinemann Library,
Date of publication, distribution, etc. c2011.
300 ## - PHYSICAL DESCRIPTION
Extent 24 p. :
Other physical details col. ill ;
Dimensions 17.5 x 20.5 cm.
490 0# - SERIES STATEMENT
Series statement Families
500 ## - GENERAL NOTE
General note Grade Level: PreK-1
500 ## - GENERAL NOTE
General note Includes index.
505 0# - FORMATTED CONTENTS NOTE
Formatted contents note What is a family? -- What are families like? -- What is a role model? -- Role models in the family -- Role models outside of the family -- Your role model.
520 ## - SUMMARY, ETC.
Summary, etc. Explains what a family is and gives examples of good role models
650 #0 - SUBJECT ADDED ENTRY--TOPICAL TERM
Topical term or geographic name entry element Role models
Form subdivision Juvenile literature.
650 #0 - SUBJECT ADDED ENTRY--TOPICAL TERM
Topical term or geographic name entry element Families
Form subdivision Juvenile literature.
650 #0 - SUBJECT ADDED ENTRY--TOPICAL TERM
Topical term or geographic name entry element Influence (Psychology)
Form subdivision Juvenile literature.
906 ## - LOCAL DATA ELEMENT F, LDF (RLIN)
a 7
b cbc
c orignew
d 1
e ecip
f 20
g y-gencatlg
942 ## - ADDED ENTRY ELEMENTS (KOHA)
Source of classification or shelving scheme
Koha item type Books - Non Ficton

No items available.

Powered By KH8 IT Dept